000 00320nam a22001337a 4500
008 180109b xxu||||| |||| 00| 0 eng d
020 _a063200052
041 _aeng
080 _a574
100 _a9
101 _aMJE
245 _aINTRODUCTION PRINCIPLES AND PRACTICE SOI; SCIENCE
_cWHITE..R.E
942 _2udc
_cBK
999 _c39929
_d39929